[Event "CAN-ch O1800"]
[Site "Toronto CAN"]
[Date "2025.04.18"]
[Round "1.22"]
[White "Zhao, Shannon"]
[Black "Russell, Wesley"]
[Result "0-1"]
[WhiteElo "1753"]
[BlackElo "1973"]
[WhiteFideId "-1"]
[WhiteFideId "-1"]
[PlyCount "70"]
[GameId "2176040502336248"]
[EventDate "2025.04.18"]
[EventType "swiss"]
[EventRounds "9"]
[EventCountry "CAN"]

1. e4 c5 2. Nc3 Nc6 3. g3 g6 4. Bg2 Bg7 5. Nge2 e6 6. O-O Nge7 7. d3 O-O 8. Be3 d6 9. h3 Nd4 10. Qd2 Nec6 11. Rab1 Rb8 12. a4 a6 13. f4 b5 14. axb5 axb5 15. Nd1 Qc7 16. Nf2 Bd7 17. g4 Nxe2+ 18. Qxe2 Ra8 19. c3 b4 20. Rfc1 Ra2 21. Qd1 Qa7 22. Rc2 Rb8 23. Bd2 bxc3 24. Bxc3 Nd4 25. Rd2 Ba4 26. Qf1 Nf3+ 27. Bxf3 Bxc3 28. Re2 Raxb2 29. Rbxb2 Rxb2 30. Rxb2 Bxb2 31. Qb1 Bd4 32. Kg2 c4 33. Nd1 c3 34. Qc1 c2 35. Nb2 Be3 0-1

[Event "CAN-ch O1800"]
[Site "Toronto CAN"]
[Date "2025.04.18"]
[Round "1.23"]
[White "Ajith, Aarush"]
[Black "Ajanthan, Amuthab"]
[Result "1-0"]
[WhiteElo "1970"]
[BlackElo "1744"]
[WhiteFideId "-1"]
[WhiteFideId "-1"]
[PlyCount "47"]
[GameId "2176040502340345"]
[EventDate "2025.04.18"]
[EventType "swiss"]
[EventRounds "9"]
[EventCountry "CAN"]

1. d4 d5 2. c4 dxc4 3. e3 e5 4. Bxc4 exd4 5. exd4 Nf6 6. Nf3 Be7 7. O-O O-O 8. Nc3 a6 9. Bf4 b5 10. Bb3 Bb7 11. Ne5 c5 12. dxc5 Bxc5 13. Qxd8 Rxd8 14. Nxf7 Rd4 15. Be3 Rb4 16. Nh6+ Kh8 17. Bxc5 Rxb3 18. axb3 gxh6 19. Bd4 Nbd7 20. Rfe1 Kg8 21. Re7 Bc6 22. Re6 Bd5 23. Nxd5 Nxd5 24. Rd6 1-0

[Event "CAN-ch O1800"]
[Site "Toronto CAN"]
[Date "2025.04.18"]
[Round "1.24"]
[White "Lin, Ryder"]
[Black "Mammadov, Nihad"]
[Result "0-1"]
[WhiteElo "1744"]
[BlackElo "1969"]
[WhiteFideId "-1"]
[WhiteFideId "-1"]
[PlyCount "44"]
[GameId "2176040502340346"]
[EventDate "2025.04.18"]
[EventType "swiss"]
[EventRounds "9"]
[EventCountry "CAN"]

1. e4 e5 2. Nf3 Nc6 3. Bc4 Bc5 4. d3 d6 5. c3 Nf6 6. Bg5 h6 7. Bh4 Be6 8. Bb5 Bd7 9. a4 a5 10. Nbd2 Ne7 11. Bxf6 gxf6 12. Bxd7+ Qxd7 13. Nh4 O-O-O 14. Qf3 Qe8 15. Nf5 d5 16. Nxe7+ Bxe7 17. O-O dxe4 18. Nxe4 f5 19. Ng3 f4 20. Ne4 f5 21. Nd2 e4 22. Qe2 Rxd3 {rest is unreadable} 0-1

[Event "CAN-ch O1800"]
[Site "Toronto CAN"]
[Date "2025.04.18"]
[Round "1.25"]
[White "Wu, Ting En Ryan"]
[Black "Li, Aiden"]
[Result "0-1"]
[WhiteElo "1968"]
[BlackElo "1743"]
[WhiteFideId "-1"]
[WhiteFideId "-1"]
[PlyCount "112"]
[GameId "2176040502348539"]
[EventDate "2025.04.18"]
[EventType "swiss"]
[EventRounds "9"]
[EventCountry "CAN"]

1. e4 c5 2. Nf3 Nc6 3. d4 cxd4 4. Nxd4 g6 5. Nc3 Bg7 6. Be3 Nf6 7. Bc4 O-O 8. Bb3 d6 9. f3 Bd7 10. Qd2 a6 11. O-O-O Rc8 12. Kb1 h5 13. h4 Ne5 14. Bh6 b5 15. g4 Kh7 16. Bxg7 Kxg7 17. gxh5 Nxh5 18. Rdg1 Rc5 19. f4 Ng4 20. f5 Ngf6 21. Qg2 Qe8 22. Nd5 Rh8 23. Qf3 e5 24. Nxf6 Nxf6 25. fxg6 fxg6 26. Nf5+ Bxf5 27. exf5 e4 28. Qf4 Rh6 29. fxg6 Re5 30. Qxf6+ Kxf6 31. g7 Rh8 32. g8=Q Rxg8 33. Rxg8 Qh5 34. Rf1+ Ke7 35. Rg7+ Kd8 36. Rf8+ Re8 37. Rxe8+ Kxe8 38. Bf7+ Qxf7 39. Rxf7 Kxf7 40. Kc1 Kg6 41. Kd2 Kh5 42. Ke3 d5 43. c3 a5 44. a4 bxa4 45. c4 dxc4 46. Kxe4 c3 47. Kd3 cxb2 48. Kc2 a3 49. Kb1 Kxh4 50. Ka2 Kg4 51. Kb1 Kf4 52. Ka2 Ke3 53. Kb1 Kd2 54. Ka2 Kc2 55. Kxa3 b1=Q 56. Ka4 Qb4# 0-1

[Event "CAN-ch O1800"]
[Site "Toronto CAN"]
[Date "2025.04.18"]
[Round "1.26"]
[White "Sheth, Rudra"]
[Black "Deshpande, Sarthak"]
[Result "1-0"]
[WhiteElo "1734"]
[BlackElo "1951"]
[WhiteFideId "-1"]
[WhiteFideId "-1"]
[PlyCount "79"]
[GameId "2176040502352636"]
[EventDate "2025.04.18"]
[EventType "swiss"]
[EventRounds "9"]
[EventCountry "CAN"]

1. e4 e5 2. Nc3 Nf6 3. Bc4 Nc6 4. d3 Na5 5. Qf3 Nxc4 6. dxc4 Be7 7. Nge2 d6 8. O-O h5 9. Bg5 Be6 10. b3 Ng4 11. Bxe7 Qxe7 12. h3 Nf6 13. Qe3 g5 14. Nd5 Bxd5 15. cxd5 g4 16. h4 Rg8 17. Ng3 Nd7 18. Nf5 Qf6 19. b4 Nf8 20. c4 Ng6 21. g3 Ne7 22. Nxe7 Qxe7 23. c5 Rg6 24. Rac1 Kf8 25. Rc3 Kg7 26. Rfc1 Rf8 27. cxd6 Qxd6 28. Rxc7 Qxb4 29. Rd7 Qb5 30. Rcc7 Qb1+ 31. Kg2 Qxa2 32. Qc3 Rf6 33. Qe3 Rf3 34. Qg5+ Kh7 35. Qxh5+ Kg8 36. Qxg4+ Kh8 37. Qxf3 Kg8 38. Rxf7 Rxf7 39. Qxf7+ Kh8 40. Qh7# 1-0

[Event "CAN-ch O1800"]
[Site "Toronto CAN"]
[Date "2025.04.18"]
[Round "1.27"]
[White "Nguyen, Minh Thong"]
[Black "Kolndreu, Albion"]
[Result "1-0"]
[WhiteElo "1949"]
[BlackElo "1733"]
[WhiteFideId "-1"]
[WhiteFideId "-1"]
[PlyCount "95"]
[GameId "2176040502352637"]
[EventDate "2025.04.18"]
[EventType "swiss"]
[EventRounds "9"]
[EventCountry "CAN"]

1. d4 d5 2. c4 c6 3. Nf3 e6 4. g3 b6 5. Bg2 Nf6 6. O-O Bb7 7. Qc2 Nbd7 8. Bg5 h6 9. Bf4 Nh5 10. Be5 Nxe5 11. Nxe5 Nf6 12. Nd2 Bd6 13. cxd5 cxd5 14. Qa4+ Nd7 15. f4 Bxe5 16. fxe5 O-O 17. Rac1 a6 18. Rc3 b5 19. Qc2 Rc8 20. Rc1 Qb6 21. Nf3 Nxe5 22. Rc5 Rxc5 23. Qxc5 Nxf3+ 24. Bxf3 Qxc5 25. Rxc5 Rc8 26. b4 Kf8 27. Kf2 Ke7 28. Ke3 Kd6 29. Bh5 g6 30. Bf3 Rxc5 31. bxc5+ Kc6 32. Kf4 f6 33. e4 g5+ 34. Ke3 a5 35. exd5+ exd5 36. Bd1 Ba6 37. Be2 a4 38. Kd2 Kb7 39. Bf3 Kc6 40. Kc3 f5 41. Kb4 g4 42. Be2 h5 43. Ka5 b4 44. Bxa6 b3 45. a3 h4 46. Kxa4 hxg3 47. hxg3 f4 48. Kxb3 1-0

[Event "CAN-ch O1800"]
[Site "Toronto CAN"]
[Date "2025.04.18"]
[Round "1.28"]
[White "Moran-Venegas, Mario"]
[Black "Fradkin, Benjamin"]
[Result "0-1"]
[WhiteElo "1729"]
[BlackElo "1939"]
[WhiteFideId "-1"]
[WhiteFideId "-1"]
[PlyCount "86"]
[GameId "2176040502356734"]
[EventDate "2025.04.18"]
[EventType "swiss"]
[EventRounds "9"]
[EventCountry "CAN"]

1. Nf3 d5 2. d4 Nf6 3. c4 c6 4. Nc3 g6 5. e3 Bg7 6. Be2 O-O 7. O-O Bg4 8. b3 Nbd7 9. h3 Bxf3 10. Bxf3 dxc4 11. bxc4 e5 12. Qb3 Qb6 13. Rd1 Rfe8 14. Rb1 Qxb3 15. Rxb3 e4 16. Be2 b6 17. a4 Bf8 18. Ba3 Bxa3 19. Rxa3 c5 20. d5 Ne5 21. Nb5 Red8 22. Nc7 Rac8 23. Nb5 Rd7 24. a5 a6 25. Nc3 bxa5 26. Rxa5 Rb7 27. Rxa6 Rb3 28. Nb5 Nfd7 29. Nd6 Rcb8 30. Nxe4 Kg7 31. Ra5 Rb2 32. Bf1 Rc2 33. Nxc5 Nf6 34. Ra4 Rc8 35. Nb7 Ne4 36. Bd3 Nxd3 37. Rxd3 Rc1+ 38. Kh2 Nxf2 39. Rd4 Re8 40. d6 Rxe3 41. g3 Rc2 42. Ra1 Nd1+ 43. Kh1 Re1# 0-1

[Event "CAN-ch O1800"]
[Site "Toronto CAN"]
[Date "2025.04.18"]
[Round "1.29"]
[White "Li, Triston Bai"]
[Black "Fu, Odyssey"]
[Result "1/2-1/2"]
[WhiteElo "1937"]
[BlackElo "1727"]
[WhiteFideId "-1"]
[WhiteFideId "-1"]
[PlyCount "155"]
[GameId "2176040502360831"]
[EventDate "2025.04.18"]
[EventType "swiss"]
[EventRounds "9"]
[EventCountry "CAN"]

1. e4 c5 2. Nc3 Nc6 3. Bb5 Nf6 4. Bxc6 dxc6 5. f4 Bg4 6. Nf3 Qc7 7. d3 O-O-O 8. h3 Be6 9. Ng5 c4 10. Qf3 cxd3 11. cxd3 h6 12. Nxe6 fxe6 13. O-O Qb6+ 14. Rf2 Qd4 15. Be3 Qb4 16. d4 g5 17. fxg5 hxg5 18. Bxg5 Bh6 19. Bxh6 Rxh6 20. d5 exd5 21. Qf5+ Nd7 22. exd5 Rf6 23. Qc2 Rxf2 24. Qxf2 Rf8 25. Qxa7 Qxb2 26. Rb1 Qxc3 27. Qxb7+ Kd8 28. Qa8+ Kc7 29. Rb7+ Kd6 30. Rxd7+ Kxd7 31. dxc6+ Qxc6 32. Qxf8 Qb6+ 33. Qf2 Qb1+ 34. Kh2 e5 35. Qe3 Kd6 36. a3 e4 37. Kg3 Kd5 38. Qd2+ Kc4 39. Kf2 Qb6+ 40. Ke2 Qg6 41. Kd1 Qf5 42. Qb4+ Kd3 43. Qd2+ Kc4 44. Kc1 Qf1+ 45. Kc2 Kc5 46. Qe3+ Kd5 47. g4 Qc4+ 48. Kd2 Qa2+ 49. Ke1 Qa1+ 50. Kd2 Qb2+ 51. Kd1 Qb1+ 52. Ke2 Qb5+ 53. Kf2 Qb2+ 54. Kg3 Qe5+ 55. Kh4 Qh8+ 56. Kg5 Qg7+ 57. Kh5 Qh7+ 58. Kg5 Qg7+ 59. Kh4 Qh8+ 60. Kg3 Qe5+ 61. Kg2 Qb2+ 62. Kf1 Qb5+ 63. Ke1 Qb1+ 64. Kd2 Qb2+ 65. Ke1 Qa1+ 66. Ke2 Qb1 67. Qd2+ Ke6 68. Qc3 Qh1 69. Qc4+ Ke5 70. Qc5+ Ke6 71. Qf5+ Ke7 72. g5 Qg2+ 73. Ke3 Qg3+ 74. Kxe4 Qxa3 75. g6 Qb4+ 76. Kf3 Qb7+ 77. Qe4+ Qxe4+ 78. Kxe4 1/2-1/2

[Event "CAN-ch O1800"]
[Site "Toronto CAN"]
[Date "2025.04.18"]
[Round "1.30"]
[White "Satish Alwar, Dharsan"]
[Black "Daigneault, Henry"]
[Result "0-1"]
[WhiteElo "1724"]
[BlackElo "1933"]
[WhiteFideId "-1"]
[WhiteFideId "-1"]
[PlyCount "90"]
[GameId "2176040502364929"]
[EventDate "2025.04.18"]
[EventType "swiss"]
[EventRounds "9"]
[EventCountry "CAN"]

1. d4 Nf6 2. Nf3 d5 3. e3 e6 4. Be2 Be7 5. O-O O-O 6. c4 a6 7. b3 Ne4 8. Bb2 b6 9. Nc3 Bb7 10. Nxe4 dxe4 11. Nd2 c5 12. dxc5 bxc5 13. f3 Bg5 14. Nxe4 Bxe4 15. fxe4 Bxe3+ 16. Kh1 Nc6 17. Qxd8 Raxd8 18. Rad1 Bd4 19. Bxd4 cxd4 20. Bd3 g6 21. g4 Ne5 22. h3 Kg7 23. Kg2 h5 24. gxh5 f5 25. hxg6 Nxd3 26. Rxd3 fxe4 27. Rxf8 Kxf8 28. Rd1 Kg7 29. Re1 e3 30. Kf3 Kxg6 31. Ke4 e5 32. b4 Kf6 33. c5 Ke6 34. Rg1 Rf8 35. Rg6+ Kd7 36. Rg2 Rf2 37. Rg1 Rd2 38. Kf3 e2 39. Re1 d3 40. Kf2 Rd1 41. h4 e4 42. Rxe2 dxe2 43. Kxe2 Rh1 44. Ke3 Rxh4 45. a4 Kc6 0-1

[Event "CAN-ch O1800"]
[Site "Toronto CAN"]
[Date "2025.04.18"]
[Round "1.31"]
[White "Huang, Justin"]
[Black "Mane, Arnav"]
[Result "1/2-1/2"]
[WhiteElo "1925"]
[BlackElo "1722"]
[WhiteFideId "-1"]
[WhiteFideId "-1"]
[PlyCount "148"]
[GameId "2176040502369026"]
[EventDate "2025.04.18"]
[EventType "swiss"]
[EventRounds "9"]
[EventCountry "CAN"]

1. d4 d5 2. Nf3 Nf6 3. e3 e6 4. Bd3 b6 5. O-O Ba6 6. Bxa6 Nxa6 7. c4 Nb8 8. Ne5 Bd6 9. Qa4+ Nfd7 10. cxd5 exd5 11. Nc3 Bxe5 12. dxe5 c6 13. e4 Nc5 14. Qd4 dxe4 15. Rd1 Qxd4 16. Rxd4 Nbd7 17. Nxe4 Nxe4 18. Rxe4 O-O-O 19. Bg5 Rde8 20. Rae1 Nc5 21. R4e3 h6 22. Bh4 g5 23. Bg3 Re6 24. Rf3 Rf8 25. Kf1 Na6 26. h4 gxh4 27. Bxh4 Nb4 28. Bf6 Rfe8 29. Rh3 Kb7 30. a3 Nd5 31. Rxh6 Ka6 32. g3 Rg8 33. Re4 Kb5 34. g4 Nxf6 35. Rxf6 Rxf6 36. exf6 Rg6 37. Rf4 Kc5 38. Ke2 Kd6 39. b4 Ke6 40. Rc4 Kd5 41. Rf4 Ke6 42. Ke3 Rxf6 43. Rc4 Kd6 44. Rd4+ Ke7 45. f3 Rh6 46. Kf4 Rh3 47. Rd3 Rh6 48. Re3+ Kd7 49. Kf5 Rd6 50. f4 c5 51. bxc5 bxc5 52. g5 c4 53. Rc3 Rc6 54. Ke5 Rc5+ 55. Kd4 Ra5 56. Rf3 Ra4 57. Kd5 c3 58. f5 Rxa3 59. Rf2 Ra6 60. Rc2 Ra5+ 61. Ke4 Rc5 62. g6 fxg6 63. fxg6 Rg5 64. Rxc3 Rxg6 65. Ra3 a6 66. Kd5 Rg5+ 67. Kc4 a5 68. Rb3 Kc6 69. Rb8 Rg4+ 70. Kb3 Kc7 71. Rb5 a4+ 72. Ka3 Kc6 73. Ra5 Kb6 74. Rxa4 Rg3+ 1/2-1/2

[Event "CAN-ch O1800"]
[Site "Toronto CAN"]
[Date "2025.04.18"]
[Round "1.32"]
[White "Sekaran, Adithya"]
[Black "Park, Haneul"]
[Result "1-0"]
[WhiteElo "1720"]
[BlackElo "1923"]
[WhiteFideId "-1"]
[WhiteFideId "-1"]
[PlyCount "161"]
[GameId "2176040502373123"]
[EventDate "2025.04.18"]
[EventType "swiss"]
[EventRounds "9"]
[EventCountry "CAN"]

1. d4 d5 2. c4 c6 3. Nf3 Nf6 4. Nc3 e6 5. Bg5 Be7 6. e3 Nbd7 7. cxd5 exd5 8. Bd3 O-O 9. O-O Ne4 10. Bxe7 Qxe7 11. Qe2 Ndf6 12. Ne5 Re8 13. Nxe4 dxe4 14. Bc4 Be6 15. Bxe6 Qxe6 16. h3 Rad8 17. b3 Rd5 18. Rac1 Red8 19. Nc4 Rg5 20. Kh2 c5 21. dxc5 Rxc5 22. Rcd1 Rcd5 23. Rxd5 Qxd5 24. Nb2 Qe5+ 25. g3 Rc8 26. Nc4 Qc5 27. Rd1 h6 28. Nd6 Rc7 29. Nb5 Rd7 30. Rxd7 Nxd7 31. Nd4 Ne5 32. Qb5 Nf3+ 33. Kg2 Ne1+ 34. Kh2 Qc1 35. Qe8+ Kh7 36. Qxe4+ g6 37. Qxb7 Kg7 38. Qe7 Qc8 39. Qe5+ Kg8 40. Qe4 Qc3 41. Nc6 Nd3 42. Qe8+ Kg7 43. Qe4 Qd2 44. Qg2 Qxa2 45. b4 a6 46. f4 Qc4 47. h4 Ne1 48. Qf2 Nd3 49. Qg2 Kh7 50. h5 Qb5 51. hxg6+ fxg6 52. Nd4 Qxb4 53. Nc2 Qb5 54. g4 Qb2 55. Qd2 Qb5 56. Qc3 Nf2 57. Qc7+ Kg8 58. Qc8+ Kf7 59. Qc3 Ke8 60. Qc8+ Ke7 61. Qc7+ Qd7 62. Qe5+ Kf7 63. Kg3 Nxg4 64. Qc3 Nf6 65. Qc4+ Qe6 66. Qc7+ Qd7 67. Qc4+ Kg7 68. Ne1 Qg4+ 69. Kf2 Qd7 70. Nf3 Ng4+ 71. Kg3 Qe7 72. Kxg4 h5+ 73. Kg3 Qxe3 74. Qxa6 Qc3 75. Qb7+ Kf8 76. Qb8+ Kf7 77. Qe5 Qd3 78. Qh8 Qb3 79. Qh7+ Kf6 80. Qd7 Qa3 81. Qd5 1-0

[Event "CAN-ch O1800"]
[Site "Toronto CAN"]
[Date "2025.04.18"]
[Round "1.33"]
[White "Wang, Jonathan"]
[Black "Wang, William"]
[Result "1-0"]
[WhiteElo "1911"]
[BlackElo "1713"]
[WhiteFideId "-1"]
[WhiteFideId "-1"]
[PlyCount "91"]
[GameId "2176040502373124"]
[EventDate "2025.04.18"]
[EventType "swiss"]
[EventRounds "9"]
[EventCountry "CAN"]

1. e4 e5 2. Nf3 Nc6 3. c3 Bc5 4. Bc4 Nf6 5. d3 d6 6. O-O h6 7. b4 Bb6 8. a4 a6 9. h3 Ba7 10. Nbd2 g5 11. d4 g4 12. Nh4 gxh3 13. g3 exd4 14. Bb2 Rg8 15. Kh1 Ng4 16. cxd4 Nxd4 17. Ndf3 Ne6 18. Qc2 Ng5 19. Nd4 h2 20. Rae1 Nh3 21. Nhf5 Qg5 22. e5 d5 23. Bxd5 Bxd4 24. Nxd4 Ngxf2+ 25. Rxf2 Qxg3 26. Bxf7+ Kd8 27. Rff1 Rg7 28. Ne6+ Bxe6 29. Rd1+ Kc8 30. Bxe6+ Kb8 31. Bxh3 Qxh3 32. Qxh2 Qe3 33. Rf8+ Ka7 34. Rxa8+ Kxa8 35. Rd8+ Ka7 36. Bd4+ Qxd4 37. Rxd4 Rg6 38. Qf2 b6 39. Rd7 Rc6 40. Qf7 Kb7 41. e6 Rc1+ 42. Kg2 Rc2+ 43. Kg3 Rc3+ 44. Qf3+ Rxf3+ 45. Kxf3 Kc8 46. Rd1 1-0

[Event "CAN-ch O1800"]
[Site "Toronto CAN"]
[Date "2025.04.18"]
[Round "1.34"]
[White "Gao, Yiguo"]
[Black "Zaka, Mohid"]
[Result "0-1"]
[WhiteElo "1708"]
[BlackElo "1910"]
[WhiteFideId "-1"]
[WhiteFideId "-1"]
[PlyCount "64"]
[GameId "2176040502377221"]
[EventDate "2025.04.18"]
[EventType "swiss"]
[EventRounds "9"]
[EventCountry "CAN"]

1. e4 Nf6 2. e5 Nd5 3. d4 d6 4. Nf3 Bg4 5. Bc4 dxe5 6. dxe5 e6 7. O-O Be7 8. Qe2 O-O 9. Rd1 c6 10. Bxd5 cxd5 11. c4 Nc6 12. Bf4 d4 13. h3 Bh5 14. Nc3 Qa5 15. Nb5 Rad8 16. g4 Bg6 17. Nfxd4 Nxd4 18. Rxd4 Rxd4 19. Nxd4 Rd8 20. Nb5 Bd3 21. Qf3 Bxc4 22. Nd6 Bd5 23. Qd3 Qb4 24. Qe3 Qxb2 25. Rc1 Bc6 26. Qxa7 g5 27. Nc4 Qe2 28. Qe3 Rd1+ 29. Kh2 Qf1 30. f3 Qh1+ 31. Kg3 gxf4+ 32. Kf2 Qf1# 0-1

[Event "CAN-ch O1800"]
[Site "Toronto CAN"]
[Date "2025.04.18"]
[Round "2.1"]
[White "Ajith, Aarush"]
[Black "Wang, Bingfei"]
[Result "0-1"]
[WhiteElo "1970"]
[BlackElo "2111"]
[WhiteFideId "-1"]
[WhiteFideId "-1"]
[PlyCount "70"]
[GameId "2176654634779554"]
[EventDate "2025.04.18"]
[EventType "swiss"]
[EventRounds "9"]
[EventCountry "CAN"]

1. d4 d5 2. c4 c6 3. g3 Nf6 4. Nf3 Bf5 5. Bg2 h6 6. Nc3 e6 7. O-O Nbd7 8. b3 Bd6 9. Bb2 O-O 10. Nd2 Be7 11. e4 dxe4 12. Ndxe4 Nxe4 13. Nxe4 Nf6 14. Qe2 Nxe4 15. Bxe4 Bxe4 16. Qxe4 Bf6 17. Rfd1 Qa5 18. Qf3 Rfd8 19. Bc3 Qb6 20. Qe3 Rd7 21. Rd3 Rad8 22. Rad1 Qc7 23. h4 Rd6 24. Bb4 R6d7 25. Qe4 Qb6 26. a3 Rxd4 27. Qe3 Rxd3 28. Rxd3 Qxe3 29. Rxe3 Rd1+ 30. Kg2 Bd4 31. Rf3 c5 32. Bc3 e5 33. b4 e4 34. Rf4 Bxc3 35. bxc5 Rd4 0-1

[Event "CAN-ch O1800"]
[Site "Toronto CAN"]
[Date "2025.04.18"]
[Round "2.2"]
[White "Mammadov, Nihad"]
[Black "Qian, Eric"]
[Result "1-0"]
[WhiteElo "1969"]
[BlackElo "2095"]
[WhiteFideId "-1"]
[WhiteFideId "-1"]
[PlyCount "124"]
[GameId "2176654634914733"]
[EventDate "2025.04.18"]
[EventType "swiss"]
[EventRounds "9"]
[EventCountry "CAN"]

1. e4 e5 2. Nf3 Nc6 3. Bb5 Nf6 4. O-O Nxe4 5. Re1 Nd6 6. Bxc6 dxc6 7. Nxe5 Be7 8. d4 O-O 9. Nc3 Nf5 10. Ne2 Re8 11. c3 Bd6 12. Nc4 Bf8 13. Bf4 Be6 14. Ne3 Nxe3 15. Bxe3 Bd6 16. Ng3 Qh4 17. Qd2 h6 18. f4 Rad8 19. Rf1 Bd7 20. Rae1 Re7 21. c4 Bc8 22. Qc3 Red7 23. c5 Bf8 24. f5 Rd5 25. Rf4 Qe7 26. Bf2 Qd7 27. Qe3 f6 28. Rg4 Kh7 29. Re4 Qf7 30. Qf4 a5 31. Qf3 b6 32. Qf4 bxc5 33. dxc5 Rd2 34. R4e2 Rxe2 35. Nxe2 Rd5 36. Nc3 Rxf5 37. Qe4 Qg6 38. Qxc6 Rg5 39. g3 Qf7 40. Qe8 Qd7 41. Qxf8 Bb7 42. Qe8 Qh3 43. c6 Ba6 44. Qe4+ f5 45. Qf3 Bc4 46. Ne2 Bxa2 47. Nf4 Qh4 48. Kh1 Qg4 49. Qxg4 Rxg4 50. h3 Rg5 51. Re7 Bb1 52. Rxc7 Be4+ 53. Kh2 a4 54. Ne6 Rh5 55. Nxg7 Rg5 56. Ne6+ Kg6 57. Nxg5 hxg5 58. Bd4 f4 59. Rg7+ Kf5 60. h4 Ke6 61. c7 Bb7 62. Rxg5 f3 1-0

[Event "CAN-ch O1800"]
[Site "Toronto CAN"]
[Date "2025.04.18"]
[Round "2.3"]
[White "Maulucci, Anthony"]
[Black "Nguyen, Minh Thong"]
[Result "0-1"]
[WhiteElo "2051"]
[BlackElo "1949"]
[WhiteFideId "-1"]
[WhiteFideId "-1"]
[PlyCount "96"]
[GameId "2176654634959800"]
[EventDate "2025.04.18"]
[EventType "swiss"]
[EventRounds "9"]
[EventCountry "CAN"]

1. d4 Nf6 2. c4 g6 3. Nc3 d5 4. cxd5 Nxd5 5. e4 Nxc3 6. bxc3 Bg7 7. Bc4 c5 8. Ne2 O-O 9. O-O Nc6 10. Be3 Qc7 11. Rc1 b6 12. h4 Bb7 13. h5 Na5 14. Bd3 c4 15. Bc2 e6 16. h6 Bh8 17. e5 f6 18. exf6 Rxf6 19. Bg5 Rf7 20. f4 Bf6 21. Bxf6 Rxf6 22. Qe1 Raf8 23. Ng3 Bd5 24. Qe5 Qf7 25. Ne4 Rf5 26. g4 Rxe5 27. fxe5 Qe7 28. Rxf8+ Kxf8 29. Rf1+ Ke8 30. Nf6+ Kd8 31. Bxg6 Qa3 32. Nxd5 exd5 33. Bxh7 Qxc3 34. Bf5 Qe3+ 35. Rf2 Qxh6 36. e6 Nc6 37. Rh2 Qe3+ 38. Kg2 Qxd4 39. Rh7 Ne7 40. Rf7 c3 41. Rf8+ Kc7 42. Rf7 Kd6 43. Kh3 Qf2 44. Rf8 Nxf5 45. gxf5 c2 46. Rd8+ Kc7 47. Rd7+ Kc6 48. Rd8 Qxf5+ 0-1

[Event "CAN-ch O1800"]
[Site "Toronto CAN"]
[Date "2025.04.18"]
[Round "2.4"]
[White "Fradkin, Benjamin"]
[Black "Southam, David"]
[Result "0-1"]
[WhiteElo "1939"]
[BlackElo "2037"]
[WhiteFideId "-1"]
[WhiteFideId "-1"]
[PlyCount "88"]
[GameId "2176654634980287"]
[EventDate "2025.04.18"]
[EventType "swiss"]
[EventRounds "9"]
[EventCountry "CAN"]

1. d4 e6 2. c4 f5 3. Nc3 Nf6 4. Nf3 Bb4 5. Bd2 O-O 6. g3 b6 7. Bg2 Bb7 8. O-O Bxc3 9. Bxc3 Ne4 10. Be1 d6 11. Nd2 Nd7 12. Nxe4 Bxe4 13. f3 Bb7 14. Qd2 Qe7 15. Bf2 Rae8 16. e4 fxe4 17. fxe4 e5 18. d5 Nf6 19. Be3 h6 20. Qe2 Bc8 21. b4 Bg4 22. Qd2 Qd7 23. c5 Bh3 24. Qd3 Bxg2 25. Kxg2 Qg4 26. cxb6 cxb6 27. h3 Qxe4+ 28. Qxe4 Nxe4 29. Rxf8+ Rxf8 30. Rc1 Nf6 31. Bg1 Rd8 32. Rc7 Rd7 33. Rc8+ Kf7 34. b5 Nxd5 35. a4 Rc7 36. Rd8 Ke6 37. Re8+ Ne7 38. Rd8 Rc8 39. Rxc8 Nxc8 40. Kf3 d5 41. Kg4 d4 42. Bf2 Nd6 43. Kh5 d3 44. Be1 e4 0-1

[Event "CAN-ch O1800"]
[Site "Toronto CAN"]
[Date "2025.04.18"]
[Round "2.5"]
[White "Loadman, Ian"]
[Black "Wang, Jonathan"]
[Result "1-0"]
[WhiteElo "2024"]
[BlackElo "1911"]
[WhiteFideId "-1"]
[WhiteFideId "-1"]
[PlyCount "93"]
[GameId "2176654634980288"]
[EventDate "2025.04.18"]
[EventType "swiss"]
[EventRounds "9"]
[EventCountry "CAN"]

1. e4 c5 2. Nf3 a6 3. c3 e6 4. d4 d5 5. exd5 exd5 6. Bd3 Nf6 7. O-O Be7 8. dxc5 O-O 9. Nbd2 Bxc5 10. Nb3 Ba7 11. Bg5 Nc6 12. Bc2 Qd6 13. Bxf6 Qxf6 14. Qxd5 g6 15. Qg5 Qg7 16. Rfd1 Be6 17. Rd2 b5 18. Be4 Rac8 19. Bxc6 Rxc6 20. Nfd4 h6 21. Qe7 Bxd4 22. Nxd4 Rb6 23. Qc7 Rbb8 24. Nxe6 fxe6 25. Qxg7+ Kxg7 26. Rd6 Kf6 27. Re1 Rfe8 28. Rxa6 Rbd8 29. Rb6 Rd5 30. g3 Kf5 31. Re3 g5 32. Rf3+ Ke5 33. g4 Ra8 34. Re3+ Kf4 35. Rbxe6 Kxg4 36. a3 Rd2 37. R6e4+ Kf5 38. Rb4 Kg6 39. Kg2 Rb8 40. Re6+ Kh5 41. Rf6 g4 42. Rf5+ Kg6 43. Rff4 h5 44. a4 Kg5 45. axb5 Rxb2 46. Rxg4+ hxg4 47. Rxb2 1-0

[Event "CAN-ch O1800"]
[Site "Toronto CAN"]
[Date "2025.04.18"]
[Round "2.6"]
[White "Daigneault, Henry"]
[Black "Filipovich, David"]
[Result "1/2-1/2"]
[WhiteElo "1933"]
[BlackElo "2011"]
[WhiteFideId "-1"]
[WhiteFideId "-1"]
[PlyCount "36"]
[GameId "2176654634984385"]
[EventDate "2025.04.18"]
[EventType "swiss"]
[EventRounds "9"]
[EventCountry "CAN"]

1. e4 c6 2. d4 d5 3. e5 Bf5 4. Nf3 e6 5. Be2 Nd7 6. O-O Nh6 7. a4 Bg6 8. Bg5 Be7 9. Bxe7 Qxe7 10. a5 O-O 11. c3 f6 12. exf6 Qxf6 13. Bd3 Bh5 14. Nbd2 e5 15. dxe5 Nxe5 16. Be2 Rae8 17. Nxe5 Bxe2 18. Qxe2 Rxe5 1/2-1/2

[Event "CAN-ch O1800"]
[Site "Toronto CAN"]
[Date "2025.04.18"]
[Round "2.7"]
[White "Xu, Ryan"]
[Black "Bi, William"]
[Result "1-0"]
[WhiteElo "2010"]
[BlackElo "1892"]
[WhiteFideId "-1"]
[WhiteFideId "-1"]
[PlyCount "65"]
[GameId "2176654634984386"]
[EventDate "2025.04.18"]
[EventType "swiss"]
[EventRounds "9"]
[EventCountry "CAN"]

1. d4 d5 2. Bf4 Nf6 3. Nf3 e6 4. e3 c5 5. Nbd2 Be7 6. c3 Nbd7 7. Bd3 O-O 8. O-O Re8 9. Ne5 Nf8 10. Bg3 Ng6 11. f4 Bd6 12. Kh1 Qc7 13. Qf3 b6 14. Rae1 Bb7 15. h4 Ne7 16. Bh2 Nf5 17. h5 g6 18. g4 Ne7 19. hxg6 fxg6 20. f5 exf5 21. gxf5 gxf5 22. Bxf5 Nc6 23. Bh3 Bxe5 24. dxe5 d4 25. exf6 Ne5 26. e4 Nxf3 27. Bxc7 Nxd2 28. f7+ Kh8 29. f8=Q+ Rxf8 30. Be5+ Kg8 31. Be6+ Rf7 32. Rg1+ Kf8 33. Bd6+ 1-0

[Event "CAN-ch O1800"]
[Site "Toronto CAN"]
[Date "2025.04.18"]
[Round "2.8"]
[White "Zaka, Mohid"]
[Black "Tamkan, Ekrem"]
[Result "1-0"]
[WhiteElo "1910"]
[BlackElo "1997"]
[WhiteFideId "-1"]
[WhiteFideId "-1"]
[PlyCount "87"]
[GameId "2176654634988483"]
[EventDate "2025.04.18"]
[EventType "swiss"]
[EventRounds "9"]
[EventCountry "CAN"]

1. d4 d5 2. c4 e6 3. cxd5 exd5 4. Nc3 c6 5. Qc2 Bd6 6. Nf3 h6 7. g3 Nf6 8. Bf4 O-O 9. Bxd6 Qxd6 10. Bg2 Be6 11. O-O Nbd7 12. Rab1 a5 13. Rfc1 Ne4 14. b3 Nxc3 15. Qxc3 Bf5 16. Rb2 Rfe8 17. e3 Be4 18. Nd2 Bh7 19. Bf1 Nb6 20. Qc5 Qd8 21. a4 Nd7 22. Qc3 Qg5 23. Be2 Re6 24. Ra1 Rae8 25. Qxa5 h5 26. Nf3 Qf6 27. Qc7 R6e7 28. Qf4 Qg6 29. Nh4 Qe6 30. Bxh5 Nf6 31. Be2 Ne4 32. Nf3 Qh3 33. Ng5 Nxg5 34. Qxg5 Be4 35. Bf1 Qh7 36. Bg2 Bf5 37. b4 Re6 38. b5 Rh6 39. h4 Kh8 40. bxc6 bxc6 41. Qf4 f6 42. Rb8 Bc8 43. Qc7 Bd7 44. Rd8 1-0